On This Day: September 12th Quiz Stats

 Plays Quiz Updated Sep 12, 2017

Challenge
Share
Tweet
Embed
Score 0/7 Timer 03:00
0 Plays Today
Question Answer Wrong Answers
While aboard the Halve Maen, this man begins exploration of the river that will eventually bear his name.
1609
Henry Hudson
91.5%
Simon Fraser
2.3%
Robert Nelson
1%
Alexander MacKenzie
5.1%
At a speech at Rice University, this man reaffirms that the US will put a man on the moon by the end of the decade.
1962
John F. Kennedy
90.8%
Lyndon B. Johnson
4.3%
Robert McNamara
0.7%
James E. Webb
0.6%
Southern Rhodesia, today called this, is annexed by the United Kingdom.
1923
Zimbabwe
73.7%
Namibia
6.5%
Tanzania
11.2%
Kenya
6.3%
Mae Carol Jemison becomes the first African-American woman in space while aboard Space Shuttle Endeavour. Also on board are Mark Lee and Jan Davis, the first ______ in space.
1992
Married Couple
64.1%
Teachers
13.9%
Private Citizens
16.4%
Artists
1%
This American Comedian and actor, known for his self-titled, semi-autobiographical comedy-drama series, is born.
1967
Louis C.K.
62.7%
Bill Burr
1.5%
Jimmy Fallon
11.4%
Dave Chappelle
20.3%
Emperor Haile Selassie of Ethiopia, 'Messiah' of the ______ movement, is deposed following a military coup by the Derg, ending a reign of 58 years.
1974
Rastafari
60.1%
Scientology
3%
Nation of Islam
22.9%
Adventist
9.8%
Cave paintings are discovered in ______, France.
1940
Lascaux
58.1%
Bourges
25%
Dunkirk
6.2%
Antibes
7.8%

Today's Daily Dose

Word Ladder
Homophones Ate

Quick Pick
RGB Colors

On This Day
August 18th II

You're not logged in!

Compare scores with friends on all Sporcle quizzes.
Join for Free
OR
Log In

You Might Also Like...

Show Comments

Extras

Top Quizzes Today


Score Distribution

Your Account Isn't Verified!

In order to create a playlist on Sporcle, you need to verify the email address you used during registration. Go to your Sporcle Settings to finish the process.

Report this User

Report this user for behavior that violates our Community Guidelines.

Details: